000 00936nam a22003017a 4500
001 BR2018000576
003 BR-BrBNA
005 20230928105232.0
007 ta
008 230509b bl.||||| |||| 00| 0 por d
040 _aBR-BrBNA
_bpor
_cBiblioteca Nacional de Agricultura
041 _a(Por)
072 _aE50; C20
090 _ E50 BR2018000576
100 1 _aFarias, M. de F. de(org).
100 1 _aOliveira, E.R. de(org.)
100 1 _aFaisting, A.L.(org.)
110 1 _aUniversidade Federal da Grande Dourados, MS (Brasil)
_910741
245 1 _aExperiências interdisciplinares para a construção de conhecimento solidários
260 3 _aDourados, MS (Brasil):
_c2013.
300 _a439 p.
500 _aSeveral bibliography; 82 illus.; 20 tables
650 _aINTEGRAÇÃO
650 _aDESENVOLVIMENTO SOCIO-ECONÔMICO
650 _aEXTENSÃO RURAL
909 _a202309
_bLucia
_c55
_dLucia Elande
942 _cBK
999 _c84200
_d84200